Central Library OPAC University of Rajshahi

An introduction to the theory and practice of semiconductors / (Record no. 9815)

MARC details
000 -LEADER
fixed length control field 00709nam a2200265I 4500
001 - CONTROL NUMBER
control field 9815
003 - CONTROL NUMBER IDENTIFIER
rucl marc code MCM
005 - DATE AND TIME OF LATEST TRANSACTION
control field 20211208234837.0
008 - FIXED-LENGTH DATA ELEMENTS--GENERAL INFORMATION
fixed length control field 750716s1958 enka 000 0 eng
035 ## - SYSTEM CONTROL NUMBER
System control number MITb10166439
System control number (OCoLC)01454087
System control number GLIS00166439
040 ## - CATALOGING SOURCE
Transcribing agency DZM
Modifying agency MYG
Original cataloging agency BD-RjUL
Language of cataloging eng
041 ## - LANGUAGE CODE
Language code of text/sound track or separate title eng
082 ## - DEWEY DECIMAL CLASSIFICATION NUMBER
Classification number 537.622
Author mark and year SHI 1958
090 ## - LOCALLY ASSIGNED LC-TYPE CALL NUMBER (OCLC); LOCAL CALL NUMBER (OCLC)
Classification number (OCLC) (R) ; Classification number, CALL (RLIN) (NR) TK7872.S4
Local cutter number (OCLC) ; Book number/undivided call number, CALL (RLIN) S548
099 ## - LOCAL FREE-TEXT CALL NUMBER (OCLC)
Bangla Class number TK7872.S4.S548
100 1# - MAIN ENTRY--PERSONAL NAME
Personal name Shepherd, Alan A.
9 (RLIN) 30332
245 13 - TITLE STATEMENT
Title An introduction to the theory and practice of semiconductors /
260 ## - PUBLICATION, DISTRIBUTION, ETC. (IMPRINT)
Place of publication, distribution, etc. London,
Name of publisher, distributor, etc. Constable
Date of publication, distribution, etc. 1958.
300 ## - PHYSICAL DESCRIPTION
Pagination 206 p.:
Illustrations illus.;
Size 23 cm.
650 #0 - SUBJECT ADDED ENTRY--TOPICAL TERM
Topical term or geographic name as entry element Semiconductors.
9 (RLIN) 30333
942 ## - ADDED ENTRY ELEMENTS (KOHA)
Source of classification or shelving scheme Dewey Decimal Classification
Koha item type Books
Holdings
Lost status Source of classification or shelving scheme Damaged status Not for loan Collection code Permanent Location Current Location Shelving location Date acquired Source of acquisition Cost, normal purchase price Total Checkouts Full call number Date last seen Copy number Koha item type
  Dewey Decimal Classification   Not For Loan Non-fiction Central Library, University of Rajshahi Central Library, University of Rajshahi Reading Room 09/05/1964 Zeitlinger 18.06   537.622 SHI 1958 21/01/2014 C-1 Books